| 000 | 00719nam a22002177a 4500 | ||
|---|---|---|---|
| 999 |
_c11145 _d11145 |
||
| 003 | AR-CdUCM | ||
| 008 | 190313b ||||| |||| 00| 0 spa d | ||
| 040 |
_aMUNICIPALIDAD PROVINCIAL DEL CUSCO _cBIBLIOTECA MUNICIPAL DEL CUSCO |
||
| 082 |
_a869.56 / _bC13 / 1978 |
||
| 100 |
_aCabel Moscoso, Domingo Jesús _92089 |
||
| 245 | _aCruzando el infierno / | ||
| 260 |
_aTrujillo : _bEdiciones Cuadernos Trimestrales de Poesía, _c1978. |
||
| 300 |
_a74 páginas ; _c25 cm. |
||
| 500 | _aDonación familia Nieto | ||
| 505 | _aContenido: IV concurso "El poeta Joven del Perú". | ||
| 650 |
_aPoesía peruana _9806 |
||
| 650 |
_aTrujillo _9297 |
||
| 650 |
_aConcurso poesía _99467 |
||
| 942 |
_2ddc _cLIBROS |
||
| 945 | _awfj | ||